MZK Wejherowo 9 - Statystyki

Ogólne statystyki
  • Ten quiz został rozwiązany 10 razy
  • Średni wynik to 34 z 44
Statystyki odpowiedzi
Miasto Odpowiedź % Poprawnych
Reda Reda Lipowa 1
100%
Reda Reda Lipowa 2
100%
Reda Reda Rekowo 1
100%
Reda Reda Rekowo 2
100%
Reda Reda Rekowo Lipowa 2
100%
Reda Reda Rekowo Lipowa 4
100%
Rumia Rumia Dworzec PKP 6
100%
Reda Reda Dworzec PKP 1
89%
Reda Reda Dworzec PKP 2
89%
Reda Reda Gdańska-Szkolna 1
89%
Rumia Rumia C.H. ,,Port Rumia''-Grunwaldzka 2
89%
Reda Reda Brzozowa 1
78%
Reda Reda Gdańska-Cmentarz 2
78%
Reda Reda Łąkowa-Osiedle 1
78%
Reda Reda Łąkowa-Osiedle 2
78%
Reda Reda Łąkowa-Ośrodek Zdrowia 1
78%
Reda Reda Łąkowa-Ośrodek Zdrowia 2
78%
Reda Reda Obwodowa 1
78%
Rumia Rumia Chełmońskiego 1
78%
Rumia Rumia Chełmońskiego 2
78%
Rumia Rumia Grunwaldzka-Ceynowy 1
78%
Rumia Rumia Grunwaldzka-Ceynowy 2
78%
Reda Reda Brzozowa-Szkoła 2
67%
Reda Reda Cicha 1
67%
Reda Reda Cicha 2
67%
Reda Reda Ciechocino 1
67%
Reda Reda Ciechocino 2
67%
Reda Reda Graniczna 1
67%
Reda Reda Graniczna 2
67%
Reda Reda Harcerska 1
67%
Reda Reda Harcerska 2
67%
Reda Reda Mostowa 1
67%
Reda Reda Mostowa 2
67%
Reda Reda Podleśna 1
67%
Reda Reda Podleśna 2
67%
Reda Reda Pucka-Nowa 1
67%
Reda Reda Pucka-Nowa 4
67%
Reda Reda Rolnicza 1
67%
Reda Reda Rolnicza 2
67%
Reda Reda Skautów 2
67%
Reda Reda Wiśniowa 1
67%
Reda Reda Wrzosowa 2
67%
Rumia Rumia Dolna 1
67%
Rumia Rumia C.H. ,,Port Rumia''-Grunwaldzka 1
56%
Nie znaleziono quizów pasujących do podanych kryteriów
Rozkład punktacji
Procent ludzi z każdym wynikiem
Percentyl według liczby udzielonych odpowiedzi
Twoja historia wyników
Nie rozwiązałeś tego quizu